000 00574nam a2200217Ia 4500
001 16130
003 GE_BSU
008 181216s||||||||xx |||||||||||||| ||und||
020 _a0596004192
040 _cGE_BSU
080 _a004.42
100 _aOualline,Steve
245 _aPractical C++Programming
245 _cEditor robert Denn
300 _a547p.23cm.
541 _h93 L.
653 _aPractical C++Programming
653 _aინფორმატიკა
653 _aსაინფორმაციო ტექნოლოგიები
942 _cBK
999 _c49218
_d49218